Hernias (Registro nro. 178727)
[ vista simple ]
| 000 -LEADER | |
|---|---|
| campo de control de longitud fija | 00808nam a22001935i 4500 |
| 001 - NÚMERO DE CONTROL | |
| campo de control | 178727 |
| 003 - IDENTIFICADOR DE NÚMERO DE CONTROL | |
| campo de control | ES-MaACL |
| 005 - FECHA Y HORA DE LA ÚLTIMA TRANSACCIÓN | |
| campo de control | 20230906220607.0 |
| 008 - DATOS DE LONGITUD FIJA--INFORMACIÓN GENERAL | |
| campo de control de longitud fija | 110613s1974 sp a |||| | spa d |
| 080 ## - NÚMERO DE LA CLASIFICACIÓN DECIMAL UNIVERSAL | |
| Número de la Clasificación Decimal Universal | 616.34-007.43 |
| 100 1# - ENTRADA PRINCIPAL--NOMBRE DE PERSONA | |
| Nombre de persona | Terret Jaume, Andrés. |
| 9 (RLIN) | 147172 |
| 245 10 - MENCIÓN DEL TÍTULO | |
| Título | Hernias |
| Resto del título | : (la hernia inguinal recidivada) / |
| Mención de responsabilidad, etc. | resumen de la tesis presentada para aspirar al grado de doctor en medicina por Andrés Ferret Jaume. |
| 260 ## - PUBLICACIÓN, DISTRIBUCIÓN, ETC. | |
| Lugar de publicación, distribución, etc. | Barcelona : |
| Nombre del editor, distribuidor, etc. | Universidad de Barcelona, Secretariado de Publicaciones, Intercambio Científico y Extensión Universitaria : |
| -- | [Ivern], |
| Fecha de publicación, distribución, etc. | 1974. |
| 300 ## - DESCRIPCIÓN FÍSICA | |
| Extensión | 16, [2] p. de il. bl. y n. ; |
| Dimensiones | 24 cm. |
| 500 ## - NOTA GENERAL | |
| Nota general | Cub. tomada como port. |
| 650 04 - PUNTO DE ACCESO ADICIONAL DE MATERIA--TÉRMINO DE MATERIA | |
| Término de materia o nombre geográfico como elemento de entrada | Hernias. |
| 9 (RLIN) | 136219 |
| 710 2# - ENTRADA AGREGADA--NOMBRE DE ENTIDAD CORPORATIVA | |
| Nombre de entidad corporativa o nombre de jurisdicción como elemento de entrada | Universidad de Barcelona. |
| 9 (RLIN) | 7141 |
| 852 ## - LOCALIZACIÓN | |
| Ubicación | ES-MaACL |
| Número de control de estantería | E-15361 (130) |
| Encuadernación | Olim P-1374 |
| Estatus retirado | Estado de pérdida | Estado de daño | No para préstamo | Biblioteca de origen | Biblioteca actual | Ubicación en estantería | Fecha de adquisición | Fuente de adquisición | Total de préstamos | Signatura topográfica completa | Código de barras | Visto por última vez | Precio de reemplazo | Tipo de ítem Koha |
|---|---|---|---|---|---|---|---|---|---|---|---|---|---|---|
| Biblioteca del Ateneo de Madrid | Biblioteca del Ateneo de Madrid | Depósito 2 | 13/06/2011 | E-15361 (130) | 1187739 | 23/02/2023 | 23/02/2023 | Libro impreso |
